| 000 | 00413nam a2200169Ia 4500 | ||
|---|---|---|---|
| 008 | 210210b1999 xxu||||| |||| 00| 0 eng d | ||
| 020 | _a0 7167 2009 4 | ||
| 082 | _a574.192 STRB | ||
| 100 | _aSTRYER (Lubert). | ||
| 245 | _aBiochemistry. Ed 4. | ||
| 250 | _a | ||
| 260 |
_aNew York _bW.H. Freeman & Co. _c1999 |
||
| 300 | _axxxiv,1064 | ||
| 650 | _aBiochemistry | ||
| 690 | _aBiochemistry | ||
| 906 | _a055778 | ||
| 999 |
_c103490 _d103490 |
||